000 00618nam a2200205 i 4500
001 35405
003 ES-MaACL
005 20230906155126.0
007 t|
008 030212s1965 sp ||||1| spa d
100 1 _aBosc, Robert.
_930632
245 1 3 _aEl educador ante la vida internacional /
_cRobert Bosc ; traductor Jesús Massip.
260 _aBarcelona :
_bEstela,
_c1965.
300 _a149 p. ;
_c20 cm.
490 1 _aCristianismo y tiempo ;
_v20
700 1 _aMassip, Jesús.
_978826
830 0 _aCristianismo y tiempo ;
_v20
_9181569
852 _aES-MaACL
_jC-28150
_bR.57538
999 _c35405
_d35405